Fictionally Abled (Comic Books) Quiz Stats

 Plays Quiz not verified by Sporcle

Also try: Name That Alien
Challenge
Share
Tweet
Embed
Score 0/17 Timer 15:00
0 Plays Today
Disability Character % Correct
BlindDaredevil
90.1%
ParaplegicProfessor X
59.4%
Missing EyeNick Fury
56.4%
ParaplegicOracle
51.5%
DwarfismPuck
39.6%
Nerve Damage (Hands)Dr. Strange
34.7%
Severe Facial ScarsDeadpool
33.7%
DeafEcho
30.7%
Severe Facial ScarsDoctor Doom
17.8%
Disability Character % Correct
Fatal AllergySuperman
17.8%
Quadruple AmputeeCyborg
16.8%
DeafHawkeye
13.9%
BlindDr. Mid-Nite
9.9%
ParaplegicThe Chief
9.9%
Amputee (Right Arm)Misty Knight
7.9%
MuteSnake Eyes
4%
Double Amputee (Both Legs)Silver Scorpion
2%

You're not logged in!

Compare scores with friends on all Sporcle quizzes.
Join for Free
OR
Log In

You Might Also Like...

Show Comments

Extras

Top Quizzes Today


Score Distribution

Your Account Isn't Verified!

In order to create a playlist on Sporcle, you need to verify the email address you used during registration. Go to your Sporcle Settings to finish the process.

Report this User

Report this user for behavior that violates our Community Guidelines.

Details: